000 01226nam a2200349 i 4500
001 183501
003 ES-MaACL
005 20250905145711.0
008 140707s2013 sp d | |||||||| | spa d
020 _a978-84-306-0218-6
080 _a338.124(100)"2008/..."
080 _a351.83/.84(100)"1989/..."
080 _a351.77(100)
100 1 _aStuckler, David.
_9154910
245 1 0 _aPor qué la austeridad mata
_b: el coste humano de las políticas de recorte /
_cDavid Stuckler y Sanjay Basu ; traducción de Alejandro Pradera y Federico Corriente Basús.
260 _a[Madrid] :
_bTaurus,
_cimp. 2013.
300 _aXXV, 334 p. :
_bgráf. ;
_c24 cm.
490 1 _aPensamiento
500 _aÍndice.
504 _aBibliografía: p. 313-317.
650 0 _aCrisis económicas- 2008
_9236570
650 0 0 _aPolítica social.
_916308
650 0 7 _aSalud pública.
_916973
700 1 _aBasu, Sanjay.
_9154911
700 1 _aPradera, Alejandro.
_9154912
700 1 _aCorriente Basús, Federico,
_d1965-
_9154913
830 0 _aPensamiento
_9178722
852 _aES-MaACL
_jA-13111
_9190441
_bR.149917
_cDEPO1
_dOlim: N-6111
942 _2udc
_cMONOGRAFIA
999 _c183501
_d183501